| 000 | 00644nam a2200217Ia 4500 | ||
|---|---|---|---|
| 003 | BUBTL | ||
| 008 | 151213s9999 xx 000 0 und d | ||
| 020 | _a8171180272 | ||
| 082 | _a340.59/ H5304p/ 1990 | ||
| 100 |
_aHidayatullah, M. _94517 |
||
| 245 |
_aMulla 's Principles of Muhammadan Law : _cM. Hidaytulla & Arshad Hidayatullah |
||
| 250 | _a19th | ||
| 260 |
_aMumbai India _bN.M.Thripathi _cc1990 |
||
| 300 |
_a[lii], 346p. : _bill. 21cm |
||
| 500 | _aIncludes Index | ||
| 650 | _aLaw | ||
| 700 | _aM. Hidayatullah & Arshad Hidayatullah | ||
| 856 |
_k0 _l0 _yDownload |
||
| 942 |
_2ddc _cBK |
||
| 999 |
_c2490 _d2490 |
||